[Event "EYCC 2024 - G16"]
[Site "?"]
[Date "2024.08.25"]
[Round "4.1"]
[White "Shvedova, Alexandra"]
[Black "Peglau, Charis"]
[Result "1-0"]
[BlackElo "2031"]
[WhiteElo "2219"]
[LiveChessVersion "1.4.8"]

1. d4 {[%clk 1:30:57]} d5 {[%clk 1:30:49]} 2. c4 {[%clk 1:31:22]} e6
{[%clk 1:31:09]} 3. Nf3 {[%clk 1:31:38]} Nf6 {[%clk 1:31:32]} 4. g3
{[%clk 1:31:55]} c5 {[%clk 1:29:21]} 5. Bg2 {[%clk 1:31:59]} Nc6 {[%clk 1:29:20]}
6. O-O {[%clk 1:31:30]} dxc4 {[%clk 1:29:29]} 7. Ne5 {[%clk 1:31:30]} Bd7
{[%clk 1:23:00]} 8. Na3 {[%clk 1:31:41]} cxd4 {[%clk 1:21:48]} 9. Naxc4
{[%clk 1:31:23]} Be7 {[%clk 1:17:56]} 10. Bf4 {[%clk 1:30:00]} O-O
{[%clk 1:15:00]} 11. Qb3 {[%clk 1:27:38]} Nxe5 {[%clk 0:57:20]} 12. Nxe5
{[%clk 1:26:11]} Bc6 {[%clk 0:57:40]} 13. Bxc6 {[%clk 1:11:01]} bxc6
{[%clk 0:58:04]} 14. Nxc6 {[%clk 1:11:28]} Qd7 {[%clk 0:52:08]} 15. Qc4
{[%clk 1:09:06]} Nd5 {[%clk 0:43:18]} 16. Be5 {[%clk 0:58:52]} Bd6
{[%clk 0:33:41]} 17. Bxd6 {[%clk 0:46:12]} Qxd6 {[%clk 0:34:10]} 18. Nxd4
{[%clk 0:46:28]} Nb6 {[%clk 0:22:28]} 19. Qd3 {[%clk 0:45:29]} e5
{[%clk 0:16:34]} 20. Nf3 {[%clk 0:45:00]} Qxd3 {[%clk 0:16:28]} 21. exd3
{[%clk 0:45:24]} f6 {[%clk 0:16:44]} 22. Rfc1 {[%clk 0:37:26]} Rfd8
{[%clk 0:16:17]} 23. Ne1 {[%clk 0:37:12]} Nd5 {[%clk 0:10:38]} 24. Kf1
{[%clk 0:35:14]} Kf7 {[%clk 0:07:36]} 25. Rc4 {[%clk 0:32:46]} Rd7
{[%clk 0:06:36]} 26. Ke2 {[%clk 0:30:33]} Rb8 {[%clk 0:05:56]} 27. b3
{[%clk 0:30:35]} Ne7 {[%clk 0:04:58]} 28. Rac1 {[%clk 0:29:16]} Nf5
{[%clk 0:04:46]} 29. Nf3 {[%clk 0:28:04]} Rbb7 {[%clk 0:04:54]} 30. Ra4
{[%clk 0:23:23]} h5 {[%clk 0:02:57]} 31. Rc5 {[%clk 0:21:59]} g5 {[%clk 0:02:08]}
32. h3 {[%clk 0:21:47]} Rbc7 {[%clk 0:01:30]} 33. Rxc7 {[%clk 0:18:33]} Rxc7
{[%clk 0:01:59]} 34. Kd2 {[%clk 0:18:55]} Rd7 {[%clk 0:02:03]} 35. Kc3
{[%clk 0:18:03]} Nd6 {[%clk 0:01:29]} 36. Ra5 {[%clk 0:13:54]} Rc7+
{[%clk 0:01:11]} 37. Kd2 {[%clk 0:13:07]} Rd7 {[%clk 0:01:11]} 38. Kc2
{[%clk 0:09:13]} Rc7+ {[%clk 0:01:13]} 39. Kb2 {[%clk 0:09:36]} Nf5
{[%clk 0:01:08]} 40. b4 {[%clk 0:08:09]} Rd7 {[%clk 0:01:08]} 41. Kc3
{[%clk 0:08:01]} Kg6 {[%clk 0:00:45]} 42. Ra6 {[%clk 0:07:22]} Kf7
{[%clk 0:00:48]} 43. b5 {[%clk 0:07:25]} g4 {[%clk 0:00:40]} 44. hxg4
{[%clk 0:07:51]} hxg4 {[%clk 0:01:09]} 45. Nd2 {[%clk 0:06:46]} Nd4
{[%clk 0:01:02]} 46. a4 {[%clk 0:07:00]} Rc7+ {[%clk 0:00:37]} 47. Nc4
{[%clk 0:06:56]} Ke7 {[%clk 0:00:46]} 48. Kb2 {[%clk 0:05:56]} Rb7
{[%clk 0:00:49]} 49. Ne3 {[%clk 0:06:03]} f5 {[%clk 0:00:47]} 50. Rh6
{[%clk 0:05:52]} Rd7 {[%clk 0:00:37]} 51. b6 {[%clk 0:04:49]} axb6
{[%clk 0:00:55]} 52. Rxb6 {[%clk 0:05:16]} Ra7 {[%clk 0:00:51]} 53. Ka3
{[%clk 0:05:38]} Kd7 {[%clk 0:00:58]} 54. Rf6 {[%clk 0:05:30]} Ke7
{[%clk 0:01:13]} 55. Rh6 {[%clk 0:05:56]} Ra8 {[%clk 0:00:58]} 56. Nd5+
{[%clk 0:06:07]} Kf7 {[%clk 0:01:20]} 57. Rb6 {[%clk 0:05:26]} Nc2+
{[%clk 0:01:19]} 58. Kb3 {[%clk 0:05:45]} Nd4+ {[%clk 0:01:38]} 59. Kb4
{[%clk 0:06:07]} Nc2+ {[%clk 0:01:56]} 60. Kc3 {[%clk 0:06:08]} Nd4
{[%clk 0:01:13]} 61. Rb7+ {[%clk 0:06:09]} Kg6 {[%clk 0:01:30]} 62. Rb4
{[%clk 0:05:45]} Kg5 {[%clk 0:00:45]} 63. Nb6 {[%clk 0:06:05]} Ra6
{[%clk 0:00:57]} 64. Nc4 {[%clk 0:05:25]} Nf3 {[%clk 0:00:35]} 65. a5
{[%clk 0:05:40]} f4 {[%clk 0:00:43]} 66. Rb5 {[%clk 0:05:51]} fxg3
{[%clk 0:00:37]} 67. fxg3 {[%clk 0:06:15]} Kf5 {[%clk 0:00:41]} 68. d4
{[%clk 0:06:18]} Ke4 {[%clk 0:00:45]} 69. dxe5 {[%clk 0:06:34]} Ng5
{[%clk 0:00:35]} 70. Rb6 {[%clk 0:06:31]} Ra8 {[%clk 0:00:50]} 71. Rf6
{[%clk 0:05:56]} Rc8 {[%clk 0:00:47]} 72. Kb4 {[%clk 0:05:35]} Rb8+
{[%clk 0:00:51]} 73. Kc5 {[%clk 0:05:44]} Kd3 {[%clk 0:00:45]} 74. Nd6
{[%clk 0:05:12]} Ra8 {[%clk 0:00:44]} 75. Kb6 {[%clk 0:05:37]} Kd4
{[%clk 0:00:56]} 76. Rf5 {[%clk 0:04:52]} Ne6 {[%clk 0:01:06]} 77. a6
{[%clk 0:05:04]} Rb8+ {[%clk 0:00:39]} 78. Kc6 {[%clk 0:05:20]} Ra8
{[%clk 0:00:33]} 79. Kb7 {[%clk 0:05:45]} Rg8 {[%clk 0:00:45]} 80. a7
{[%clk 0:05:53]} Nc5+ {[%clk 0:00:33]} 81. Kc6 {[%clk 0:06:08]} Ne6
{[%clk 0:00:41]} 82. Rh5 {[%clk 0:04:55]} Rf8 {[%clk 0:00:41]} 83. Nb5+
{[%clk 0:04:26]} Ke4 {[%clk 0:00:34]} 84. Kd6 {[%clk 0:03:38]} Ng7
{[%clk 0:00:33]} 85. Rg5 {[%clk 0:03:50]} Nf5+ {[%clk 0:00:57]} 86. Rxf5
{[%clk 0:02:45]} Kxf5 {[%clk 0:01:17]} 87. Nc7 {[%clk 0:03:05]} Rd8+
{[%clk 0:00:54]} 88. Ke7 {[%clk 0:03:31]} Rh8 {[%clk 0:00:49]} 89. e6
{[%clk 0:03:51]} Rh7+ {[%clk 0:00:32]} 90. Kd6 {[%clk 0:04:15]} 1-0

[Event "EYCC 2024 - G16"]
[Site "?"]
[Date "2024.08.25"]
[Round "4.2"]
[White "Li Chen, Helena Joana"]
[Black "Gkoutzouki, Aikaterini Argyro"]
[Result "1/2-1/2"]
[BlackElo "1986"]
[WhiteElo "2057"]
[LiveChessVersion "1.4.8"]

1. e4 {[%clk 1:30:57]} c5 {[%clk 1:30:46]} 2. Nf3 {[%clk 1:31:23]} d6
{[%clk 1:31:12]} 3. d4 {[%clk 1:31:48]} cxd4 {[%clk 1:31:32]} 4. Nxd4
{[%clk 1:32:13]} Nf6 {[%clk 1:31:55]} 5. Nc3 {[%clk 1:32:34]} a6 {[%clk 1:32:20]}
6. g3 {[%clk 1:33:01]} e5 {[%clk 1:32:46]} 7. Nde2 {[%clk 1:33:27]} Nbd7
{[%clk 1:29:43]} 8. a4 {[%clk 1:33:32]} b6 {[%clk 1:29:20]} 9. Nd5
{[%clk 1:31:29]} Nxd5 {[%clk 1:26:07]} 10. Qxd5 {[%clk 1:31:54]} Rb8
{[%clk 1:25:52]} 11. Bg2 {[%clk 1:24:17]} Bb7 {[%clk 1:21:46]} 12. Qd2
{[%clk 1:24:40]} Be7 {[%clk 1:19:14]} 13. O-O {[%clk 1:24:40]} O-O
{[%clk 1:17:27]} 14. Nc3 {[%clk 1:23:44]} Nf6 {[%clk 1:08:42]} 15. Rd1
{[%clk 1:21:49]} Qc7 {[%clk 1:05:54]} 16. Qe2 {[%clk 1:22:00]} Rfc8
{[%clk 1:01:18]} 17. Be3 {[%clk 1:21:16]} Qc4 {[%clk 0:48:27]} 18. Qxc4
{[%clk 1:10:37]} Rxc4 {[%clk 0:48:53]} 19. f3 {[%clk 1:10:43]} Bc8
{[%clk 0:41:23]} 20. Rd2 {[%clk 1:04:22]} h6 {[%clk 0:37:46]} 21. Bf1
{[%clk 0:58:39]} Rc7 {[%clk 0:37:07]} 22. Na2 {[%clk 0:56:42]} g5
{[%clk 0:27:49]} 23. g4 {[%clk 0:53:09]} Kg7 {[%clk 0:23:39]} 24. Nb4
{[%clk 0:52:53]} a5 {[%clk 0:23:38]} 25. Na6 {[%clk 0:49:42]} Bxa6
{[%clk 0:23:59]} 26. Bxa6 {[%clk 0:50:09]} Nd7 {[%clk 0:21:57]} 27. c3
{[%clk 0:48:38]} Nc5 {[%clk 0:16:20]} 28. Bxc5 {[%clk 0:48:59]} Rxc5
{[%clk 0:16:44]} 1/2-1/2

[Event "EYCC 2024 - G16"]
[Site "?"]
[Date "2024.08.25"]
[Round "4.3"]
[White "Yildiz, Elif Zeren"]
[Black "Trunz, Michelle"]
[Result "1/2-1/2"]
[BlackElo "2055"]
[WhiteElo "1934"]
[LiveChessVersion "1.4.8"]

1. e4 {[%clk 1:30:57]} c5 {[%clk 1:30:54]} 2. Nf3 {[%clk 1:31:22]} d6
{[%clk 1:31:20]} 3. Bb5+ {[%clk 1:31:48]} Nd7 {[%clk 1:31:44]} 4. a4
{[%clk 1:32:14]} Ngf6 {[%clk 1:30:39]} 5. Nc3 {[%clk 1:32:39]} e6
{[%clk 1:28:11]} 6. O-O {[%clk 1:32:53]} Be7 {[%clk 1:27:05]} 7. d4
{[%clk 1:31:23]} cxd4 {[%clk 1:27:31]} 8. Qxd4 {[%clk 1:31:49]} O-O
{[%clk 1:26:41]} 9. Rd1 {[%clk 1:29:55]} Qc7 {[%clk 1:23:46]} 10. Bf1
{[%clk 1:28:30]} Rd8 {[%clk 1:18:02]} 11. Nd2 {[%clk 1:28:38]} Ne5
{[%clk 1:16:01]} 12. Nc4 {[%clk 1:22:15]} Nxc4 {[%clk 1:13:45]} 13. Bxc4
{[%clk 1:16:04]} Ng4 {[%clk 0:56:38]} 14. Nb5 {[%clk 1:10:03]} Qc6
{[%clk 0:54:14]} 15. Be2 {[%clk 1:05:43]} e5 {[%clk 0:48:12]} 16. Qd3
{[%clk 0:59:21]} Nf6 {[%clk 0:47:10]} 17. Bg5 {[%clk 0:53:41]} Be6
{[%clk 0:44:57]} 18. c4 {[%clk 0:52:13]} h6 {[%clk 0:36:53]} 19. Bxf6
{[%clk 0:52:37]} Bxf6 {[%clk 0:37:11]} 20. Nc3 {[%clk 0:46:34]} Rac8
{[%clk 0:37:20]} 21. b3 {[%clk 0:46:34]} Bg5 {[%clk 0:34:46]} 22. h3
{[%clk 0:45:07]} g6 {[%clk 0:31:17]} 23. Bg4 {[%clk 0:42:13]} Kh7
{[%clk 0:29:08]} 24. Nb5 {[%clk 0:29:38]} Ra8 {[%clk 0:26:20]} 25. Qf3
{[%clk 0:29:29]} Kg7 {[%clk 0:26:08]} 26. Bxe6 {[%clk 0:25:24]} fxe6
{[%clk 0:26:37]} 27. Qg4 {[%clk 0:24:07]} a6 {[%clk 0:26:19]} 28. Nc3
{[%clk 0:24:02]} Re8 {[%clk 0:20:20]} 29. h4 {[%clk 0:23:37]} Bd8
{[%clk 0:19:31]} 30. Rd3 {[%clk 0:22:20]} h5 {[%clk 0:18:31]} 31. Qd1
{[%clk 0:22:46]} Be7 {[%clk 0:18:28]} 32. Qd2 {[%clk 0:22:35]} Rad8
{[%clk 0:18:03]} 33. Rd1 {[%clk 0:22:26]} Rf8 {[%clk 0:18:10]} 34. g3
{[%clk 0:22:40]} Qb6 {[%clk 0:17:33]} 35. Qc2 {[%clk 0:22:53]} Rf7
{[%clk 0:17:11]} 36. Kg2 {[%clk 0:23:17]} Rdf8 {[%clk 0:17:23]} 37. f3
{[%clk 0:23:42]} Qc5 {[%clk 0:17:04]} 38. Qf2 {[%clk 0:23:21]} Qxf2+
{[%clk 0:13:46]} 39. Kxf2 {[%clk 0:23:50]} Rc8 {[%clk 0:13:48]} 40. Ke2
{[%clk 0:19:14]} Rc5 {[%clk 0:13:46]} 41. Rc1 {[%clk 0:17:50]} Rf8
{[%clk 0:13:25]} 1/2-1/2

[Event "EYCC 2024 - G16"]
[Site "?"]
[Date "2024.08.25"]
[Round "4.4"]
[White "Szczotka, Klara"]
[Black "Tirpan, Ceren"]
[Result "1-0"]
[BlackElo "1926"]
[WhiteElo "2053"]
[LiveChessVersion "1.4.8"]

1. d4 {[%clk 1:30:59]} Nf6 {[%clk 1:30:54]} 2. c4 {[%clk 1:31:20]} d6
{[%clk 1:31:19]} 3. Nc3 {[%clk 1:31:45]} e5 {[%clk 1:31:45]} 4. dxe5
{[%clk 1:30:11]} dxe5 {[%clk 1:32:06]} 5. Qxd8+ {[%clk 1:30:38]} Kxd8
{[%clk 1:32:27]} 6. Bg5 {[%clk 1:30:07]} Nbd7 {[%clk 1:31:45]} 7. O-O-O
{[%clk 1:26:49]} c6 {[%clk 1:32:04]} 8. Nf3 {[%clk 1:25:11]} Kc7 {[%clk 1:29:01]}
9. a3 {[%clk 1:16:15]} a5 {[%clk 1:21:08]} 10. Bh4 {[%clk 1:09:19]} Bc5
{[%clk 1:05:56]} 11. e3 {[%clk 1:02:14]} h6 {[%clk 0:58:38]} 12. h3
{[%clk 0:58:11]} Bd6 {[%clk 0:54:25]} 13. Bg3 {[%clk 0:51:18]} Re8
{[%clk 0:54:40]} 14. Bd3 {[%clk 0:51:13]} b6 {[%clk 0:43:25]} 15. Rd2
{[%clk 0:49:02]} Kb7 {[%clk 0:32:06]} 16. Bg6 {[%clk 0:34:52]} Bc7
{[%clk 0:27:53]} 17. Bxf7 {[%clk 0:31:49]} Re7 {[%clk 0:28:17]} 18. Bg6
{[%clk 0:31:53]} e4 {[%clk 0:25:51]} 19. Bxc7 {[%clk 0:31:10]} Kxc7
{[%clk 0:26:14]} 20. Nh4 {[%clk 0:29:05]} Nc5 {[%clk 0:19:47]} 21. Kc2
{[%clk 0:23:38]} a4 {[%clk 0:19:24]} 22. Nf5 {[%clk 0:09:16]} Re5
{[%clk 0:19:25]} 23. g4 {[%clk 0:08:13]} Ba6 {[%clk 0:17:04]} 24. Nd6
{[%clk 0:07:25]} Re6 {[%clk 0:17:17]} 25. Nf5 {[%clk 0:03:43]} Bxc4
{[%clk 0:16:06]} 26. Nxg7 {[%clk 0:02:42]} Re5 {[%clk 0:14:29]} 27. Nh5
{[%clk 0:01:26]} Nxh5 {[%clk 0:13:12]} 28. gxh5 {[%clk 0:01:03]} Bd3+
{[%clk 0:13:32]} 29. Kd1 {[%clk 0:00:39]} Nb3 {[%clk 0:12:48]} 30. Rxd3
{[%clk 0:01:02]} exd3 {[%clk 0:13:14]} 31. Bxd3 {[%clk 0:01:22]} Rf8
{[%clk 0:12:59]} 32. Ke1 {[%clk 0:00:54]} Rxh5 {[%clk 0:11:31]} 33. Nxa4
{[%clk 0:00:41]} b5 {[%clk 0:10:01]} 34. Nc3 {[%clk 0:00:55]} Rf3
{[%clk 0:09:12]} 35. h4 {[%clk 0:00:50]} Rf8 {[%clk 0:09:26]} 36. Bc2
{[%clk 0:00:37]} Na5 {[%clk 0:09:40]} 37. a4 {[%clk 0:00:37]} b4 {[%clk 0:09:23]}
38. Ne2 {[%clk 0:00:34]} b3 {[%clk 0:09:35]} 39. Bd1 {[%clk 0:00:45]} Re5
{[%clk 0:08:21]} 40. Rg1 {[%clk 0:00:51]} Rb8 {[%clk 0:06:25]} 41. Rg7+
{[%clk 0:00:56]} Kd6 {[%clk 0:05:52]} 42. Nd4 {[%clk 0:01:00]} Rb4
{[%clk 0:03:49]} 43. Kd2 {[%clk 0:00:57]} c5 {[%clk 0:03:55]} 44. Rg6+
{[%clk 0:01:01]} Ke7 {[%clk 0:03:16]} 45. Ne2 {[%clk 0:00:34]} Rd5+
{[%clk 0:03:26]} 46. Ke1 {[%clk 0:00:49]} Rxh4 {[%clk 0:03:48]} 47. Nc3
{[%clk 0:01:12]} Rg5 {[%clk 0:02:17]} 48. Ra6 {[%clk 0:01:17]} c4
{[%clk 0:02:36]} 49. e4 {[%clk 0:01:15]} Kd7 {[%clk 0:02:50]} 50. Be2
{[%clk 0:01:11]} Rc5 {[%clk 0:02:35]} 51. Kd2 {[%clk 0:01:08]} Nc6
{[%clk 0:03:01]} 52. Ke3 {[%clk 0:00:58]} Rh3+ {[%clk 0:01:29]} 53. Kd2
{[%clk 0:01:00]} Nd4 {[%clk 0:01:24]} 54. Bg4+ {[%clk 0:01:25]} 1-0

[Event "EYCC 2024 - G16"]
[Site "?"]
[Date "2024.08.25"]
[Round "4.5"]
[White "Tsetskhladze, Mariam"]
[Black "Alexandri, Vasiliki"]
[Result "1-0"]
[BlackElo "1824"]
[WhiteElo "2040"]
[LiveChessVersion "1.4.8"]

1. e4 {[%clk 1:30:50]} e5 {[%clk 1:30:57]} 2. Nf3 {[%clk 1:31:15]} Nc6
{[%clk 1:31:20]} 3. Bb5 {[%clk 1:31:34]} a6 {[%clk 1:31:44]} 4. Ba4
{[%clk 1:31:59]} Nf6 {[%clk 1:32:08]} 5. O-O {[%clk 1:32:17]} b5 {[%clk 1:32:34]}
6. Bb3 {[%clk 1:32:38]} Bc5 {[%clk 1:32:58]} 7. d3 {[%clk 1:29:58]} d6
{[%clk 1:31:17]} 8. h3 {[%clk 1:29:32]} h6 {[%clk 1:29:13]} 9. c3
{[%clk 1:23:49]} O-O {[%clk 1:28:23]} 10. Re1 {[%clk 1:22:19]} Bb7
{[%clk 1:24:42]} 11. a4 {[%clk 1:19:02]} Ne7 {[%clk 1:12:26]} 12. Nbd2
{[%clk 1:12:49]} Ng6 {[%clk 1:11:49]} 13. Nf1 {[%clk 1:09:45]} d5
{[%clk 0:56:58]} 14. Qc2 {[%clk 1:03:37]} dxe4 {[%clk 0:49:00]} 15. dxe4
{[%clk 1:04:00]} Qe7 {[%clk 0:48:13]} 16. Ng3 {[%clk 1:01:57]} Rfd8
{[%clk 0:42:41]} 17. axb5 {[%clk 0:53:42]} axb5 {[%clk 0:43:02]} 18. Rxa8
{[%clk 0:53:11]} Bxa8 {[%clk 0:42:54]} 19. Ba2 {[%clk 0:43:41]} b4
{[%clk 0:25:40]} 20. Bd2 {[%clk 0:39:43]} Rd7 {[%clk 0:20:46]} 21. Qa4
{[%clk 0:35:34]} bxc3 {[%clk 0:13:45]} 22. Bxc3 {[%clk 0:35:54]} Bb7
{[%clk 0:09:04]} 23. Qb5 {[%clk 0:32:24]} c6 {[%clk 0:08:18]} 24. Qc4
{[%clk 0:32:30]} Bb6 {[%clk 0:03:44]} 25. Nf5 {[%clk 0:32:02]} Qc5
{[%clk 0:01:28]} 26. Ne3 {[%clk 0:27:20]} Re7 {[%clk 0:00:37]} 27. Qxc5 Bxc5
{[%clk 0:01:06]} 28. Nc4 {[%clk 0:20:49]} Bd4 {[%clk 0:00:40]} 29. Bxd4
{[%clk 0:18:16]} exd4 {[%clk 0:01:09]} 30. e5 {[%clk 0:18:37]} Nd7
{[%clk 0:00:45]} 31. e6 {[%clk 0:12:41]} fxe6 {[%clk 0:00:40]} 32. Nd6
{[%clk 0:13:06]} Nc5 {[%clk 0:00:37]} 33. Nxd4 {[%clk 0:13:25]} Rd7
{[%clk 0:00:33]} 34. Nxe6 {[%clk 0:13:22]} Nd3 {[%clk 0:00:35]} 35. Ng5+
{[%clk 0:13:38]} 1-0

[Event "EYCC 2024 - G16"]
[Site "?"]
[Date "2024.08.25"]
[Round "4.6"]
[White "Moskalets, Sofiia"]
[Black "Abdinova, Narmin"]
[Result "1/2-1/2"]
[BlackElo "2244"]
[WhiteElo "2119"]
[LiveChessVersion "1.4.8"]

1. e4 {[%clk 1:30:56]} e5 {[%clk 1:30:50]} 2. Nf3 {[%clk 1:31:21]} Nc6
{[%clk 1:31:15]} 3. Bb5 {[%clk 1:31:44]} a6 {[%clk 1:31:36]} 4. Ba4
{[%clk 1:32:07]} Nf6 {[%clk 1:31:56]} 5. O-O {[%clk 1:32:07]} b5 {[%clk 1:26:43]}
6. Bb3 {[%clk 1:32:29]} Bc5 {[%clk 1:27:06]} 7. a4 {[%clk 1:29:45]} Rb8
{[%clk 1:25:22]} 8. axb5 {[%clk 1:30:02]} axb5 {[%clk 1:25:51]} 9. Nxe5
{[%clk 1:29:49]} Nxe5 {[%clk 1:20:47]} 10. d4 {[%clk 1:30:12]} Bxd4
{[%clk 1:14:13]} 11. Qxd4 {[%clk 1:30:35]} d6 {[%clk 1:14:41]} 12. c3
{[%clk 1:26:01]} c5 {[%clk 1:12:02]} 13. Qe3 {[%clk 1:23:03]} O-O
{[%clk 1:12:02]} 14. Bc2 {[%clk 1:14:47]} Re8 {[%clk 1:10:00]} 15. f3
{[%clk 1:08:46]} b4 {[%clk 1:04:17]} 16. b3 {[%clk 1:00:16]} bxc3
{[%clk 0:58:50]} 17. Nxc3 {[%clk 1:00:06]} Nc6 {[%clk 0:57:57]} 18. Ne2
{[%clk 0:58:39]} Nb4 {[%clk 0:54:21]} 19. Bb1 {[%clk 0:56:13]} Ba6
{[%clk 0:45:29]} 20. Re1 {[%clk 0:41:41]} Bxe2 {[%clk 0:40:14]} 21. Qxe2
{[%clk 0:37:26]} Nc6 {[%clk 0:37:35]} 22. Bb2 {[%clk 0:30:50]} Rxb3
{[%clk 0:33:37]} 23. Ba2 {[%clk 0:29:54]} Rb6 {[%clk 0:29:43]} 24. Rad1
{[%clk 0:29:12]} Qe7 {[%clk 0:24:30]} 25. Qd2 {[%clk 0:27:02]} Ra8
{[%clk 0:20:11]} 26. Ba1 {[%clk 0:23:15]} Ra4 {[%clk 0:15:00]} 27. e5
{[%clk 0:19:20]} dxe5 {[%clk 0:15:26]} 28. Bxe5 {[%clk 0:18:57]} Ra8
{[%clk 0:12:37]} 29. Bd6 {[%clk 0:12:22]} Qb7 {[%clk 0:11:57]} 30. Rb1
{[%clk 0:08:44]} Rxb1 {[%clk 0:11:13]} 31. Bxb1 {[%clk 0:07:36]} Rd8
{[%clk 0:08:09]} 32. Qe2 {[%clk 0:05:59]} Nd4 {[%clk 0:07:36]} 33. Qe5
{[%clk 0:05:07]} Ne6 {[%clk 0:07:45]} 34. Bf5 {[%clk 0:04:55]} Qb6
{[%clk 0:06:18]} 35. Bxe6 {[%clk 0:03:19]} Qxd6 {[%clk 0:05:40]} 36. Qxd6
{[%clk 0:03:45]} Rxd6 {[%clk 0:06:08]} 37. Bc4 {[%clk 0:04:06]} Kf8
{[%clk 0:04:44]} 38. Kf2 {[%clk 0:04:08]} Rd4 {[%clk 0:04:47]} 39. Rc1
{[%clk 0:04:26]} Rd2+ {[%clk 0:04:03]} 40. Be2 {[%clk 0:04:34]} Nd7
{[%clk 0:04:28]} 41. Ke3 {[%clk 0:04:34]} Rb2 {[%clk 0:04:33]} 42. g3
{[%clk 0:04:10]} Ke7 {[%clk 0:04:57]} 43. h4 {[%clk 0:04:28]} Rb3+
{[%clk 0:04:20]} 44. Kd2 {[%clk 0:03:56]} Ne5 {[%clk 0:02:22]} 45. Rxc5
{[%clk 0:03:27]} Nxf3+ {[%clk 0:02:49]} 46. Bxf3 {[%clk 0:03:06]} Rxf3
{[%clk 0:03:17]} 47. Rg5 {[%clk 0:03:30]} g6 {[%clk 0:03:10]} 48. Ke2
{[%clk 0:03:48]} Rb3 {[%clk 0:03:32]} 49. Kf2 {[%clk 0:03:15]} f5
{[%clk 0:03:23]} 50. g4 {[%clk 0:03:42]} f4 {[%clk 0:02:33]} 51. Ra5
{[%clk 0:02:55]} Ke6 {[%clk 0:00:46]} 52. Ra6+ {[%clk 0:02:51]} Kd5
{[%clk 0:01:06]} 53. Ra5+ {[%clk 0:03:10]} Ke4 {[%clk 0:00:37]} 54. Ra4+
{[%clk 0:03:35]} Ke5 {[%clk 0:01:01]} 55. Ra5+ {[%clk 0:04:00]} Ke6
{[%clk 0:00:54]} 56. Ra6+ {[%clk 0:04:27]} Ke5 {[%clk 0:00:41]} 57. Ra5+
{[%clk 0:04:53]} Kd6 {[%clk 0:01:00]} 58. Ra6+ {[%clk 0:04:52]} Kc5
{[%clk 0:00:57]} 59. Ra5+ {[%clk 0:05:07]} Kc6 {[%clk 0:00:35]} 60. Ra6+
{[%clk 0:05:26]} Kb7 {[%clk 0:00:32]} 61. Rf6 {[%clk 0:05:11]} Rh3
{[%clk 0:00:36]} 62. Rxf4 {[%clk 0:04:05]} Rxh4 {[%clk 0:01:04]} 63. Kg3
{[%clk 0:04:22]} Rh1 {[%clk 0:01:29]} 64. Kg2 {[%clk 0:04:42]} Rc1
{[%clk 0:01:26]} 65. Rf7+ {[%clk 0:04:41]} Rc7 {[%clk 0:01:50]} 66. Rf6
{[%clk 0:05:06]} Kc8 {[%clk 0:01:43]} 67. Kg3 {[%clk 0:04:38]} Kd7
{[%clk 0:02:10]} 68. g5 {[%clk 0:02:42]} Rc3+ {[%clk 0:01:29]} 69. Kg4
{[%clk 0:02:56]} Rc4+ {[%clk 0:01:58]} 70. Kg3 {[%clk 0:03:18]} Ke7
{[%clk 0:01:44]} 71. Ra6 {[%clk 0:03:36]} Rc3+ {[%clk 0:02:06]} 72. Kg4
{[%clk 0:04:01]} Rc4+ {[%clk 0:02:34]} 73. Kg3 {[%clk 0:04:25]} Rd4
{[%clk 0:02:59]} 74. Rb6 {[%clk 0:03:55]} Rd6 {[%clk 0:02:50]} 75. Rb1
{[%clk 0:03:29]} Ke6 {[%clk 0:02:33]} 76. Rf1 {[%clk 0:03:52]} Rd3+
{[%clk 0:02:28]} 77. Kg4 {[%clk 0:04:08]} Rd4+ {[%clk 0:02:35]} 78. Kg3
{[%clk 0:04:30]} Rd7 {[%clk 0:02:33]} 79. Kg4 {[%clk 0:04:42]} Rf7
{[%clk 0:02:47]} 80. Re1+ {[%clk 0:05:03]} Kd5 {[%clk 0:02:58]} 81. Rd1+
{[%clk 0:03:53]} Ke4 {[%clk 0:03:12]} 82. Re1+ {[%clk 0:04:20]} Kd4
{[%clk 0:03:23]} 83. Re8 {[%clk 0:04:23]} Kd3 {[%clk 0:03:17]} 84. Re6
{[%clk 0:04:32]} Kd2 {[%clk 0:01:28]} 85. Re8 {[%clk 0:04:41]} Rf1
{[%clk 0:00:38]} 86. Re7 {[%clk 0:05:02]} Rh1 {[%clk 0:00:53]} 87. Re6
{[%clk 0:04:46]} Re1 {[%clk 0:01:01]} 88. Rf6 {[%clk 0:02:04]} Rg1+
{[%clk 0:01:26]} 89. Kh4 {[%clk 0:01:55]} Ke2 {[%clk 0:01:33]} 90. Rf7
{[%clk 0:01:56]} Rf1 {[%clk 0:01:31]} 91. Ra7 {[%clk 0:01:29]} Kf3
{[%clk 0:00:53]} 92. Rf7+ {[%clk 0:00:52]} Kg2 {[%clk 0:00:52]} 93. Rf6
{[%clk 0:01:17]} Re1 {[%clk 0:00:34]} 94. Rf4 {[%clk 0:01:14]} Re3
{[%clk 0:00:39]} 95. Ra4 {[%clk 0:00:38]} Rf3 {[%clk 0:00:32]} 96. Kg4
{[%clk 0:00:48]} Rg3+ {[%clk 0:00:35]} 97. Kf4 {[%clk 0:01:02]} Kh3
{[%clk 0:00:37]} 98. Ra7 {[%clk 0:00:51]} Rg4+ {[%clk 0:00:56]} 99. Kf3
{[%clk 0:01:17]} Rg3+ {[%clk 0:00:51]} 100. Kf4 {[%clk 0:01:38]} Rg4+
{[%clk 0:01:16]} 101. Kf3 {[%clk 0:02:04]} Rh4 {[%clk 0:00:32]} 102. Ra1
{[%clk 0:02:12]} Kh2 {[%clk 0:00:50]} 103. Ra2+ {[%clk 0:02:38]} Kh3
{[%clk 0:01:09]} 104. Ra1 {[%clk 0:03:04]} Kh2 {[%clk 0:01:33]} 105. Ra2+
{[%clk 0:03:31]} Kh3 {[%clk 0:01:54]} 106. Ra1 1/2-1/2